Statystyki dla Skróty w Języku Polskim

Kliknij tutaj aby rozwiązać quiz!

Ogólne statystyki

  • Ten quiz został rozwiązany 1 762 razy
  • Średni wynik to 8 z 15

Statystyki odpowiedzi

SkrótZnaczenie% Poprawnych
itp.I tym podobne
92%
cdn.Ciąg dalszy nastąpi
85%
ks.Ksiądz
82%
mldMiliard
82%
n.p.m.Nad poziomem morza
78%
tj.To jest
64%
r.Rok
57%
nt.Na temat
53%
wt.Wtorek
47%
zm.Zmarły
45%
ww.Wyżej wymieniony
43%
al.Aleja
34%
ppor.Podporucznik
33%
ub.Ubiegły
21%
p.o.Pełniący obowiązki
15%

Rozkład punktacji

Percentyl według liczby udzielonych odpowiedzi

Procent ludzi z każdym wynikiem

Twoja historia wyników

Nie rozwiązałeś tego quizu